banner-ar

فن الشطرنج : الكمائن الحديثة / (Record no. 33193)

MARC details
000 -الفاتح
حقل البيانات ثابتة الطول 00673nam a2200205Ia 4500
005 - وقت وتاريخ اخر تعامل مع التسجيلة
رقم الضبط 20240530102601.0
008 - عناصر البيانات ثابتة الطول - معلومات عامة
حقل البيانات ثابتة الطول 140319s9999 xx 000 0 ara d
040 ## - مصدر الفهرسة
وكالة الفهرسة الأصلية GCL /
وكالة النسخ GCL
082 04 - رقم تصنيف ديوى العشرى
رقم التصنيف 794.1
رقم المادة ع ف
100 1# - المدخل الرئيسى - إسم شخصى
الإسم الشخصى عبدالرحمن محفوظ محمد
245 10 - بيان العنوان
العنوان فن الشطرنج : الكمائن الحديثة /
بيان المسئوليه,etc عبدالرحمن محفوظ محمد
260 ## - PUBLICATION, DISTRIBUTION, ETC. (IMPRINT)
تاريخ النشر أو التوزيع 1985
300 ## - الوصف المادى
التعداد 189 ص
650 04 - المدخل الاضافى بالموضوع-مصطلح موضوعى
مصطلح موضوعي الشطرنج
650 04 - المدخل الاضافى بالموضوع-مصطلح موضوعى
مصطلح موضوعي الالعاب الرياضية
650 04 - المدخل الاضافى بالموضوع-مصطلح موضوعى
مصطلح موضوعي الرياضة الذهنية
650 04 - المدخل الاضافى بالموضوع-مصطلح موضوعى
مصطلح موضوعي الالعاب الرياضية الفردية
942 ## - عناصر المدخل الإضافي( كوها)
مصدر التصنيف او مخطط الترفيف Dewey Decimal Classification
Koha [default] item type كتاب
260 ## - PUBLICATION, DISTRIBUTION, ETC. (IMPRINT)
-- [S.N] :
-- منشاة المعارف ،
Holdings
حالة التراجع حالة الفقد حالة تلف ليس للاعارة المكان المؤقت الموقع الحالى تاريخ الاكتساب اجمالي اﻻعارات رقم الطلب الباركود تاريخ اخر مشاهدة تاريخ تفعيل السعر نوع وعاء كوها
        مكتبة القاهرة الكبرى مكتبة القاهرة الكبرى 03/26/2014   794.1\ع ف 78886 03/26/2014 03/26/2014 كتاب
        مكتبة القاهرة الكبرى مكتبة القاهرة الكبرى 03/26/2014   794.1\ع ف 78887 03/26/2014 03/26/2014 كتاب

Powered By

EGPV